[Event "Outaouais-ch B"]
[Site "Hull CAN"]
[Date "1997.05.31"]
[Round "3"]
[White "Arseneau, Peter"]
[Black "Jolicoeur, Alain"]
[Result "0-1"]
[WhiteElo "1558"]
[BlackElo "1755"]
[PlyCount "90"]
[GameId "2160767911965729"]
[EventDate "1997.05.31"]
[EventType "tourn"]
[EventRounds "5"]
[EventCountry "CAN"]

1. e4 e6 2. d4 d5 3. Nc3 Bb4 4. Nge2 dxe4 5. a3 Be7 6. Nxe4 Nc6 7. Be3 Nf6 8. N2c3 Nxe4 9. Nxe4 e5 10. d5 Nd4 11. Bc4 Nf5 12. O-O Nxe3 13. fxe3 O-O 14. Qf3 Bd6 15. Qg3 f5 16. Ng5 e4 17. Rf4 h6 18. Ne6 Bxe6 19. dxe6 Qe7 20. h4 Bxf4 21. Qxf4 Rad8 22. Rf1 Kh8 23. Qf2 Kh7 24. Re1 h5 25. g3 Rd6 26. Re2 b5 27. Bxb5 Qxe6 28. b3 Rfd8 29. Bc4 Qd7 30. Qf4 Qe7 31. Kf2 g6 32. Qg5 Qxg5 33. hxg5 Rd1 34. a4 Rh1 35. Kg2 Rdd1 36. c3 Rhg1+ 37. Kh2 Rge1 38. Kg2 Rxe2+ 39. Bxe2 Rc1 40. Bc4 Rxc3 41. Kf2 Rc2+ 42. Kf1 Kg7 43. Be6 Kf8 44. Bc4 Ke7 45. Ke1 Rg2 0-1

[Event "Outaouais-ch B"]
[Site "Hull CAN"]
[Date "1997.05.31"]
[Round "3"]
[White "Danis, Jacques"]
[Black "Bussiere, Denis"]
[Result "1-0"]
[WhiteElo "1609"]
[BlackElo "1562"]
[PlyCount "69"]
[GameId "2160767911965730"]
[EventDate "1997.05.31"]
[EventType "tourn"]
[EventRounds "5"]
[EventCountry "CAN"]

1. e4 c6 2. d4 d5 3. Nc3 dxe4 4. Nxe4 Bf5 5. Ng3 Bg6 6. h4 h6 7. Nf3 Nd7 8. Bc4 e6 9. h5 Bh7 10. Qe2 Bd6 11. Ne4 Bxe4 12. Qxe4 Ngf6 13. Qe2 Nb6 14. Bb3 Nfd7 15. Bd2 Qe7 16. g4 e5 17. O-O-O e4 18. Nh4 O-O-O 19. Nf5 Qf8 20. Qxe4 Nf6 21. Qf3 Rd7 22. Nxh6 Nbd5 23. Nf5 Ne7 24. Nxd6+ Rxd6 25. Bf4 Rd7 26. c4 Qd8 27. Be5 Neg8 28. g5 Ne8 29. Qf4 f6 30. gxf6 gxf6 31. Bb8 Qa5 32. d5 cxd5 33. cxd5 Ne7 34. h6 Nxd5 35. Qf5 1-0

[Event "Outaouais-ch B"]
[Site "Hull CAN"]
[Date "1997.05.31"]
[Round "3"]
[White "Roy, Roger"]
[Black "Seguin, Hubert"]
[Result "1/2-1/2"]
[WhiteElo "1781"]
[BlackElo "1619"]
[PlyCount "62"]
[GameId "2160767911965731"]
[EventDate "1997.05.31"]
[EventType "tourn"]
[EventRounds "5"]
[EventCountry "CAN"]

1. e4 Nf6 2. e5 Nd5 3. d4 d6 4. c4 Nb6 5. exd6 cxd6 6. Be3 Nc6 7. Nc3 e5 8. d5 Nb8 9. b4 N6d7 10. Qa4 b6 11. Nf3 Be7 12. Bd3 O-O 13. Qc2 g6 14. Bh6 Re8 15. O-O Bf8 16. Qd2 Bg7 17. Ne4 Qe7 18. Bxg7 Kxg7 19. Rfe1 f5 20. Neg5 Nf6 21. Ne6+ Bxe6 22. dxe6 Qxe6 23. Ng5 Qd7 24. Rad1 Nc6 25. Bc2 Nd4 26. Bb3 d5 27. f4 Nxb3 28. axb3 e4 29. cxd5 Rad8 30. Qc3 Rc8 31. Qb2 Qd6 1/2-1/2

[Event "Outaouais-ch B"]
[Site "Hull CAN"]
[Date "1997.06.01"]
[Round "4"]
[White "Bussiere, Denis"]
[Black "Jolicoeur, Alain"]
[Result "1-0"]
[WhiteElo "1562"]
[BlackElo "1755"]
[PlyCount "127"]
[GameId "2160767911965732"]
[EventDate "1997.05.31"]
[EventType "tourn"]
[EventRounds "5"]
[EventCountry "CAN"]

1. e4 e6 2. d4 d5 3. Nc3 Bb4 4. e5 c5 5. a3 Bxc3+ 6. bxc3 Ne7 7. a4 Nbc6 8. Nf3 Qa5 9. Qd2 Bd7 10. Bd3 cxd4 11. cxd4 Rc8 12. O-O Qxd2 13. Bxd2 Nf5 14. Bxf5 exf5 15. a5 a6 16. Rfb1 Rc7 17. Rb2 Na7 18. Bb4 Bb5 19. Bc5 Nc6 20. Nd2 Ne7 21. Bd6 Rc6 22. Nb1 Nc8 23. Na3 Nxd6 24. exd6 Kd7 25. Nxb5 axb5 26. Rxb5 Kxd6 27. Rxb7 Rc7 28. Rb2 Ra8 29. Kf1 Rc4 30. Rb7 Rxc2 31. Rxf7 Rc7 32. Rxc7 Kxc7 33. a6 Kb6 34. Re1 Rxa6 35. Re5 Kc6 36. Rxf5 Ra7 37. Re5 Kd6 38. Re3 Ra2 39. Rd3 Rb2 40. g4 Ke7 41. Kg2 Kf6 42. Kg3 h5 43. gxh5 Ra2 44. Rf3+ Ke6 45. Kh4 Rd2 46. Rf4 Rd1 47. h6 gxh6 48. Kh5 Rd3 49. f3 Ra3 50. Kxh6 Ra8 51. Kg7 Ra7+ 52. Kg8 Ra8+ 53. Rf8 Ra2 54. h4 Ra4 55. Rf4 Ra1 56. Kh7 Rh1 57. Kh6 Rh2 58. h5 Rh1 59. Kg6 Rg1+ 60. Kh7 Rh1 61. h6 Ra1 62. Kg8 Ke7 63. h7 Ra8+ 64. Kg7 1-0

[Event "Outaouais-ch B"]
[Site "Hull CAN"]
[Date "1997.06.01"]
[Round "4"]
[White "Danis, Jacques"]
[Black "Roy, Roger"]
[Result "1/2-1/2"]
[WhiteElo "1609"]
[BlackElo "1781"]
[PlyCount "35"]
[GameId "2160767911965733"]
[EventDate "1997.05.31"]
[EventType "tourn"]
[EventRounds "5"]
[EventCountry "CAN"]

1. e4 c6 2. d4 d5 3. Nc3 dxe4 4. Nxe4 Bf5 5. Ng3 Bg6 6. f4 e6 7. Nf3 Nf6 8. Be2 Nbd7 9. Ne5 Nxe5 10. fxe5 Ne4 11. Nxe4 Bxe4 12. O-O Be7 13. Be3 Bg5 14. Bxg5 Qxg5 15. Bf3 O-O 16. Qe2 Bxf3 17. Rxf3 Qg4 18. Qe3 1/2-1/2

[Event "Outaouais-ch B"]
[Site "Hull CAN"]
[Date "1997.06.01"]
[Round "4"]
[White "Seguin, Hubert"]
[Black "Arseneau, Peter"]
[Result "0-1"]
[WhiteElo "1619"]
[BlackElo "1558"]
[PlyCount "91"]
[GameId "2160767911965734"]
[EventDate "1997.05.31"]
[EventType "tourn"]
[EventRounds "5"]
[EventCountry "CAN"]

1. e4 e5 2. Nf3 Nc6 3. Bb5 a6 4. Ba4 Nf6 5. O-O b5 6. Bb3 Be7 7. Re1 O-O 8. c3 d5 9. exd5 Nxd5 10. Nxe5 Nxe5 11. Rxe5 c6 12. d4 Bd6 13. Re1 Qh4 14. g3 Qh3 15. Qf3 Bg4 16. Qg2 Qh5 17. Bxd5 cxd5 18. Be3 Bf3 19. Qf1 f5 20. Nd2 f4 21. Nxf3 fxe3 22. Rxe3 Rxf3 23. Re6 Rf6 24. Qe1 Qf7 25. Re2 Kf8 26. Rd1 Re8 27. Rd3 Rxe2 28. Qxe2 Re6 29. Qg4 Re1+ 30. Kg2 Qe6 31. Qh4 Qe4+ 32. Rf3+ Ke8 33. Qh5+ Kd7 34. Qf7+ Kc6 35. Qxg7 Re2 36. Qg8 Rxb2 37. Qc8+ Kb6 38. Qd8+ Bc7 39. Qf8 Rd2 40. Kh3 Qe6+ 41. g4 Kb7 42. Rf6 Rd3+ 43. Kh4 Qc8 44. Qc5 Qd7 45. Qf8 Bd8 46. g5 0-1

[Event "Outaouais-ch B"]
[Site "Hull CAN"]
[Date "1997.06.01"]
[Round "5"]
[White "Arseneau, Peter"]
[Black "Danis, Jacques"]
[Result "1-0"]
[WhiteElo "1558"]
[BlackElo "1609"]
[PlyCount "52"]
[GameId "2160767911965735"]
[EventDate "1997.05.31"]
[EventType "tourn"]
[EventRounds "5"]
[EventCountry "CAN"]

1. e4 e5 2. f4 exf4 3. Nf3 Bc5 4. d4 Bb6 5. Bxf4 d6 6. Bc4 Nf6 7. Nc3 O-O 8. Bg5 h6 9. Bh4 Bg4 10. Qd2 Bxf3 11. gxf3 Nbd7 12. O-O-O c6 13. f4 Qc7 14. e5 d5 15. Bxf6 Nxf6 16. Rhg1 dxc4 17. Qg2 Nh5 18. Qg4 g6 19. Qxh5 Kh7 20. Qe2 Ba5 21. Ne4 b5 22. Nf6+ Kg7 23. Qe4 Bb6 24. f5 Rh8 25. fxg6 Raf8 26. Nh5+ Kg8 1-0

[Event "Outaouais-ch B"]
[Site "Hull CAN"]
[Date "1997.06.01"]
[Round "5"]
[White "Jolicoeur, Alain"]
[Black "Seguin, Hubert"]
[Result "1-0"]
[WhiteElo "1755"]
[BlackElo "1619"]
[PlyCount "73"]
[GameId "2160767911965736"]
[EventDate "1997.05.31"]
[EventType "tourn"]
[EventRounds "5"]
[EventCountry "CAN"]

1. d4 Nf6 2. c4 g6 3. Nc3 d5 4. cxd5 Nxd5 5. e4 Nxc3 6. bxc3 Bg7 7. Bc4 c5 8. Ne2 Nc6 9. Be3 cxd4 10. cxd4 O-O 11. O-O b6 12. Bb5 Bb7 13. d5 Ne5 14. f4 Ng4 15. Bd4 Nf6 16. Nc3 a6 17. Be2 b5 18. Bf3 Qd7 19. h3 e6 20. Bxf6 Bxf6 21. e5 Bg7 22. dxe6 Qxe6 23. Bxb7 Qb6+ 24. Rf2 Qxb7 25. Rd2 Qb6+ 26. Kh1 Rfd8 27. Nd5 Qa5 28. a4 b4 29. Qb3 Qc5 30. Rad1 a5 31. Rc2 Qa7 32. Rc7 Qf2 33. Rdc1 Qd2 34. Nf6+ Kh8 35. Qxf7 Rg8 36. Nxg8 Rxg8 37. Rc8 1-0

[Event "Outaouais-ch B"]
[Site "Hull CAN"]
[Date "1997.06.01"]
[Round "5"]
[White "Roy, Roger"]
[Black "Bussiere, Denis"]
[Result "1-0"]
[WhiteElo "1781"]
[BlackElo "1562"]
[PlyCount "57"]
[GameId "2160767911965737"]
[EventDate "1997.05.31"]
[EventType "tourn"]
[EventRounds "5"]
[EventCountry "CAN"]

1. d4 d5 2. c4 dxc4 3. Qa4+ Qd7 4. Qxc4 Nf6 5. Nc3 e6 6. Nf3 a6 7. Ne5 Qd8 8. Bg5 Be7 9. e4 b5 10. Qd3 Nfd7 11. Bxe7 Qxe7 12. Qg3 Nxe5 13. Qxe5 f6 14. Qh5+ g6 15. Qc5 Bb7 16. Bd3 b4 17. Na4 Bc6 18. Qxe7+ Kxe7 19. Nc5 Rd8 20. Bc4 Rxd4 21. Bxe6 Bxe4 22. O-O Bd5 23. Rfe1 Kf8 24. Bxd5 Rxd5 25. Ne6+ Kf7 26. Nxc7 Rd2 27. Nxa8 Rxb2 28. Nb6 a5 29. Nc4 1-0

[Event "Outaouais-ch C"]
[Site "Hull CAN"]
[Date "1997.05.31"]
[Round "1"]
[White "Thomann, Olivier"]
[Black "Shinder, Igor"]
[Result "0-1"]
[WhiteElo "1370"]
[BlackElo "1840"]
[PlyCount "68"]
[GameId "2160767911965738"]
[EventDate "1997.05.31"]
[EventType "swiss"]
[EventRounds "5"]
[EventCountry "CAN"]

1. e4 c5 2. Nf3 d6 3. d4 cxd4 4. Nxd4 Nc6 5. c4 g6 6. Nc3 Bg7 7. Be3 Nf6 8. Be2 Qc7 9. O-O O-O 10. f3 Bd7 11. Qd2 Rfc8 12. Rfc1 Qa5 13. a3 Nh5 14. Nxc6 Bxc6 15. Bd4 Bxd4+ 16. Qxd4 Qg5 17. Nd5 Bxd5 18. exd5 Nf4 19. Bf1 Qxg2+ 20. Bxg2 Ne2+ 21. Kf2 Nxd4 22. Rc3 e5 23. dxe6 fxe6 24. Bh3 Rf8 25. Re1 e5 26. Ree3 b6 27. b4 Rab8 28. c5 bxc5 29. bxc5 Rb2+ 30. Kg3 dxc5 31. Rxc5 Ne2+ 32. Kh4 Nf4 33. Kg3 Nh5+ 34. Kg4 Kg7 0-1

[Event "Outaouais-ch C"]
[Site "Hull CAN"]
[Date "1997.05.31"]
[Round "2"]
[White "Morrison, Hugh"]
[Black "Thomann, Olivier"]
[Result "0-1"]
[WhiteElo "1497"]
[BlackElo "1370"]
[PlyCount "38"]
[GameId "2160767911965739"]
[EventDate "1997.05.31"]
[EventType "swiss"]
[EventRounds "5"]
[EventCountry "CAN"]

1. d4 Nf6 2. c4 g6 3. Nc3 Bg7 4. Nf3 O-O 5. Bf4 d6 6. e3 Nbd7 7. Be2 Nh5 8. Bg3 Nxg3 9. hxg3 e5 10. g4 c6 11. Ne4 Nf6 12. Nfd2 exd4 13. exd4 Re8 14. f3 Nxe4 15. Nxe4 Bxg4 16. Kf1 Bf5 17. Nc3 Qb6 18. d5 Qxb2 19. Rc1 Bxc3 0-1

[Event "Outaouais-ch C"]
[Site "Hull CAN"]
[Date "1997.05.31"]
[Round "3"]
[White "Thomann, Olivier"]
[Black "Hua, Chinh"]
[Result "1-0"]
[WhiteElo "1370"]
[BlackElo "1599"]
[PlyCount "123"]
[GameId "2160767911965740"]
[EventDate "1997.05.31"]
[EventType "swiss"]
[EventRounds "5"]
[EventCountry "CAN"]

1. e4 e6 2. d4 b6 3. c4 Bb7 4. Nc3 Bb4 5. d5 Bxc3+ 6. bxc3 Nf6 7. Bd3 Na6 8. Nf3 Qe7 9. O-O e5 10. a4 Nc5 11. Ba3 d6 12. Bxc5 dxc5 13. a5 O-O 14. Qc2 Rfd8 15. Nd2 Nh5 16. Rfe1 Rd6 17. Bf1 Rg6 18. Nf3 Qf6 19. Re3 Bc8 20. Kh1 Bg4 21. h3 Bxf3 22. Rxf3 Qg5 23. Rf5 Qh6 24. Rxe5 Rg5 25. Rxg5 Qxg5 26. Be2 Nf4 27. Bf3 Qe5 28. axb6 cxb6 29. Bg4 h5 30. Bd7 g5 31. Bc6 Rd8 32. Rxa7 Rd6 33. Ra8+ Kg7 34. Re8 Ne6 35. dxe6 Rxe6 36. Rxe6 Qxe6 37. Bd5 Qe5 38. Qc1 f6 39. Qe3 Kg6 40. Qf3 Qd6 41. Qf5+ Kg7 42. Qe6 Qxe6 43. Bxe6 Kf8 44. Kg1 Ke7 45. Bf5 Kd6 46. Kf1 Kc6 47. Ke2 b5 48. cxb5+ Kxb5 49. Kd3 h4 50. Bd7+ Kb6 51. Kc4 Kc7 52. Bf5 Kd6 53. Bg6 Kc6 54. Be8+ Kd6 55. f3 Ke5 56. Kxc5 Kf4 57. Bd7 Kg3 58. Kd6 Kxg2 59. Bg4 Kf2 60. c4 Ke3 61. c5 Kf4 62. c6 1-0

[Event "Outaouais-ch C"]
[Site "Hull CAN"]
[Date "1997.06.01"]
[Round "4"]
[White "Thomann, Olivier"]
[Black "Oldland, Ray"]
[Result "1-0"]
[WhiteElo "1370"]
[BlackElo "1597"]
[PlyCount "79"]
[GameId "2160767911965741"]
[EventDate "1997.05.31"]
[EventType "swiss"]
[EventRounds "5"]
[EventCountry "CAN"]

1. e4 e5 2. Nf3 Nc6 3. Bb5 a6 4. Ba4 Nf6 5. O-O b5 6. Bb3 d6 7. h3 h6 8. c3 Be7 9. d4 exd4 10. cxd4 O-O 11. Re1 Re8 12. Nbd2 Bb7 13. Nf1 Na5 14. Bc2 c5 15. d5 Nc4 16. Ng3 Bc8 17. a4 b4 18. Qd3 Ne5 19. Nxe5 dxe5 20. Qe2 Nh7 21. Nf5 Bxf5 22. exf5 Nf6 23. Bb3 Bd6 24. Be3 e4 25. Rac1 Qc7 26. Rc2 Qd7 27. Bxc5 Bxc5 28. Rxc5 Qxf5 29. Qe3 Re5 30. Rd1 Rd8 31. Qd4 Kh7 32. Ra5 Rb8 33. Rxa6 Nxd5 34. Bxd5 Rd8 35. Ra5 e3 36. fxe3 g6 37. e4 Qh5 38. Rf1 Rd7 39. Ra7 Rxa7 40. Qxa7 1-0

[Event "Outaouais-ch C"]
[Site "Hull CAN"]
[Date "1997.06.01"]
[Round "5"]
[White "Papineau, Andre"]
[Black "Thomann, Olivier"]
[Result "0-1"]
[WhiteElo "1779"]
[BlackElo "1370"]
[PlyCount "46"]
[GameId "2160767911965742"]
[EventDate "1997.05.31"]
[EventType "swiss"]
[EventRounds "5"]
[EventCountry "CAN"]

1. d4 Nf6 2. c4 g6 3. g3 Bg7 4. Bg2 O-O 5. Nf3 c5 6. d5 d6 7. Nc3 a6 8. Bd2 Bg4 9. O-O Nbd7 10. e4 Ne5 11. Qe2 Nfd7 12. h3 Nxf3+ 13. Bxf3 Bxh3 14. Rfe1 Ne5 15. Na4 b5 16. Kh2 Bd7 17. Nc3 Nxc4 18. Bc1 Ne5 19. a3 b4 20. axb4 cxb4 21. Na4 Bb5 22. Qd1 Nd3 23. Re3 Nxc1 0-1

[Event "PEI op"]
[Site "Charlottetown CAN"]
[Date "1997.10.25"]
[Round "2"]
[White "McKim, Fred"]
[Black "Saunders, Steve"]
[Result "0-1"]
[WhiteElo "2062"]
[BlackElo "1931"]
[PlyCount "132"]
[GameId "2160767911935913"]
[EventDate "1997.10.25"]
[EventType "swiss"]
[EventRounds "5"]
[EventCountry "CAN"]

1. d4 f5 2. Qd3 d5 3. g4 fxg4 4. h3 Nf6 5. hxg4 Bxg4 6. Bg5 Qd6 7. Bxf6 Qxf6 8. Bh3 Bxh3 9. Nxh3 Nc6 10. c3 O-O-O 11. Nd2 e5 12. e3 exd4 13. cxd4 Nb4 14. Qb1 Qc6 15. Qf5+ Kb8 16. Kd1 g6 17. Qb1 Qf6 18. a3 Nc6 19. b4 Bd6 20. Qd3 Ne7 21. Nb3 Qf5 22. Qxf5 Nxf5 23. Ng5 Rd7 24. Ke2 Re7 25. Rag1 h6 26. Nf3 Rg7 27. Nh4 Nxh4 28. Rxh4 h5 29. f4 Be7 30. Rh2 g5 31. fxg5 Rxg5 32. Rxg5 Bxg5 33. Nc5 c6 34. Rg2 Be7 35. Nd7+ Kc8 36. Ne5 Rh7 37. Kf3 a5 38. bxa5 Kc7 39. a6 bxa6 40. Rg6 Bd6 41. a4 h4 42. Kg2 h3+ 43. Kh2 Rh5 44. Re6 a5 45. Kh1 Rf5 46. Re8 Bxe5 47. dxe5 Kd7 48. Ra8 Rxe5 49. Rxa5 Rxe3 50. Ra7+ Kd6 51. a5 Ra3 52. Ra8 Kc5 53. a6 Kb6 54. Rb8+ Ka7 55. Rh8 Rc3 56. Kg1 Kxa6 57. Kf1 Kb5 58. Ke1 Kc4 59. Kd2 Ra3 60. Rh4+ d4 61. Kd1 h2 62. Kc2 Ra2+ 63. Kb1 Rg2 64. Rh3 Rg1+ 65. Kc2 h1=Q 66. Rc3+ Kd5 0-1

[Event "Paradoxicon op"]
[Site "Ottawa CAN"]
[Date "1997.02.28"]
[Round "1"]
[White "Raletich, George"]
[Black "Pacey, Kevin"]
[Result "0-1"]
[WhiteElo "1903"]
[BlackElo "2222"]
[PlyCount "88"]
[GameId "2160767911966437"]
[EventDate "1997.02.28"]
[EventType "tourn"]
[EventRounds "5"]
[EventCountry "CAN"]

1. Nf3 c5 2. c4 Nc6 3. Nc3 g6 4. e3 Nf6 5. d4 cxd4 6. exd4 d5 7. h3 Bg7 8. Be3 O-O 9. Be2 b6 10. O-O Bb7 11. Rc1 dxc4 12. Bxc4 Nb4 13. Be2 Nbd5 14. Re1 Nxe3 15. fxe3 Bh6 16. Qd3 Rc8 17. Rcd1 Nd5 18. Bf1 Nxc3 19. bxc3 Qc7 20. Rc1 Qg3 21. Qe2 Rc7 22. Qf2 Qxf2+ 23. Kxf2 Rfc8 24. c4 Ba6 25. Nd2 e6 26. Rc2 Bf8 27. Rb1 Bb7 28. Be2 e5 29. Bf3 exd4 30. exd4 Bg7 31. d5 Rc5 32. Rbc1 Ba6 33. Be2 Bh6 34. Ke1 b5 35. Ne4 Bxc1 36. Nxc5 Rxc5 37. Rxc1 bxc4 38. Bf3 Kf8 39. Rb1 Bb5 40. d6 c3 41. Rc1 Ke8 42. Bd1 Kd7 43. Bb3 Kxd6 44. Bxf7 Rf5 0-1

[Event "Paradoxicon op"]
[Site "Ottawa CAN"]
[Date "1997.03.01"]
[Round "2"]
[White "Pacey, Kevin"]
[Black "Djerkovic, Miladin"]
[Result "1/2-1/2"]
[WhiteElo "2220"]
[BlackElo "2354"]
[PlyCount "96"]
[GameId "2160767911966438"]
[EventDate "1997.02.28"]
[EventType "tourn"]
[EventRounds "5"]
[EventCountry "CAN"]

1. d4 Nf6 2. Nc3 d5 3. Bg5 e6 4. e4 Bb4 5. e5 h6 6. Bd2 Bxc3 7. bxc3 Ne4 8. Qg4 g6 9. Bd3 Nxd2 10. Kxd2 c5 11. Nf3 Qe7 12. Rhb1 c4 13. Be2 Nc6 14. h4 b6 15. Qg3 Bd7 16. Nh2 h5 17. Qg5 O-O-O 18. Qxe7 Nxe7 19. Nf3 Nf5 20. Rh1 Rdf8 21. Rh3 Kd8 22. Rah1 Ke7 23. Ne1 Nh6 24. g3 f6 25. exf6+ Rxf6 26. f3 Rf7 27. R3h2 Nf5 28. Rg1 Kf6 29. Bf1 e5 30. dxe5+ Kxe5 31. f4+ Kf6 32. Nf3 Nd6 33. Ne5 Ne4+ 34. Ke3 Nxc3 35. Nxf7 Kxf7 36. Kd4 Nb5+ 37. Kxd5 Be6+ 38. Kc6 Nc3 39. Bg2 Nxa2 40. Kb7 b5 41. Ra1 Nc3 42. Rxa7 b4 43. Ka6+ Kf6 44. Rc7 Rc8 45. Rxc8 Bxc8+ 46. Ka5 b3 47. cxb3 cxb3 48. Bf3 Be6 1/2-1/2

[Event "Paradoxicon op"]
[Site "Ottawa CAN"]
[Date "1997.03.01"]
[Round "3"]
[White "Ferguson, Peter"]
[Black "Pacey, Kevin"]
[Result "1-0"]
[WhiteElo "2234"]
[BlackElo "2220"]
[PlyCount "47"]
[GameId "2160767911966439"]
[EventDate "1997.02.28"]
[EventType "tourn"]
[EventRounds "5"]
[EventCountry "CAN"]

1. Nf3 d5 2. d4 Nc6 3. e3 Bg4 4. c4 e6 5. Nc3 Nf6 6. Qb3 Bxf3 7. gxf3 Bb4 8. a3 Bxc3+ 9. bxc3 Rb8 10. cxd5 exd5 11. Bd3 O-O 12. e4 dxe4 13. fxe4 Re8 14. f3 Ne5 15. Be2 Ng6 16. O-O Nh5 17. Bc4 Qd7 18. Qb5 Qh3 19. Qg5 b5 20. Bb3 Rb6 21. Qg4 Ngf4 22. Bxf4 Nxf4 23. Qxf4 Rf6 24. Qd2 1-0

[Event "Paradoxicon op"]
[Site "Ottawa CAN"]
[Date "1997.03.02"]
[Round "5"]
[White "Pacey, Kevin"]
[Black "Gordon, David"]
[Result "1-0"]
[WhiteElo "2220"]
[BlackElo "2248"]
[PlyCount "77"]
[GameId "2160767911966440"]
[EventDate "1997.02.28"]
[EventType "tourn"]
[EventRounds "5"]
[EventCountry "CAN"]

1. d4 Nf6 2. Nc3 d5 3. Bg5 Nbd7 4. e3 e6 5. f4 Bb4 6. Nge2 h6 7. Bh4 g5 8. Bg3 Ne4 9. a3 Bxc3+ 10. Nxc3 Nxc3 11. bxc3 c5 12. dxc5 Qa5 13. Qd4 Rg8 14. fxg5 hxg5 15. Bd6 Nb8 16. Bd3 Nc6 17. Qf6 Qd8 18. Qh6 g4 19. O-O Qg5 20. Qxg5 Rxg5 21. Rf6 e5 22. Raf1 Rg7 23. Rh6 Rg8 24. Bf5 d4 25. cxd4 Bxf5 26. Rxf5 exd4 27. Rh7 dxe3 28. Rfxf7 b6 29. Rf6 Nd4 30. Re7+ Kd8 31. Rxe3 Nxc2 32. Rc3 Nd4 33. Rd3 Nb5 34. c6 Rc8 35. Be5+ Ke8 36. a4 Rg5 37. Bf4 Rc5 38. Re3+ Kd8 39. Rf8# 1-0

[Event "Parties lentes II"]
[Site "Sherbrooke CAN"]
[Date "1997.01.31"]
[Round "1"]
[White "Beaudry, Marc-Andre"]
[Black "Savage, Dave"]
[Result "1-0"]
[WhiteElo "2020"]
[BlackElo "1492"]
[PlyCount "89"]
[GameId "2160767911999411"]
[EventDate "1997.01.31"]
[EventType "swiss"]
[EventRounds "4"]
[EventCountry "CAN"]

1. d4 Nf6 2. c4 g6 3. Nc3 Bg7 4. e4 d6 5. f3 O-O 6. Be3 e5 7. d5 Nh5 8. Qd2 f5 9. O-O-O f4 10. Bf2 a5 11. Bd3 Na6 12. Nge2 b6 13. Bc2 Bd7 14. Ba4 Rf7 15. Bxd7 Rxd7 16. Nb5 Nc5 17. Bxc5 bxc5 18. Kb1 Qc8 19. Rc1 Kh8 20. Rc3 Nf6 21. Ra3 a4 22. Nec3 Ra6 23. Rxa4 Qa8 24. Qc2 c6 25. dxc6 Qxc6 26. Rd1 Bf8 27. Nd5 Kg7 28. Rxa6 Qxa6 29. Nbc7 Qa5 30. Ne6+ Kf7 31. Nxf8 Nxd5 32. Nxd7 Ne3 33. Nxe5+ dxe5 34. Rd7+ Ke6 35. Qd2 Qxd2 36. Rxd2 Nxc4 37. Rd5 Ne3 38. Rxc5 Kd6 39. Rc3 Nxg2 40. a4 g5 41. a5 Nh4 42. a6 g4 43. a7 gxf3 44. a8=Q f2 45. Qd8+ 1-0

[Event "Parties lentes II"]
[Site "Sherbrooke CAN"]
[Date "1997.02.07"]
[Round "2"]
[White "Chabot, Ghislin"]
[Black "Beaudry, Marc-Andre"]
[Result "0-1"]
[WhiteElo "1701"]
[BlackElo "2020"]
[PlyCount "68"]
[GameId "2160767739837745"]
[EventDate "1997.01.31"]
[EventType "swiss"]
[EventRounds "4"]
[EventCountry "CAN"]

1. e4 e6 2. d4 d5 3. Nc3 Bb4 4. e5 c5 5. a3 Bxc3+ 6. bxc3 Qc7 7. Nf3 b6 8. Bd3 Ba6 9. O-O Bxd3 10. Qxd3 Nc6 11. a4 cxd4 12. cxd4 Nge7 13. Ba3 Na5 14. Qb5+ Qc6 15. h4 Rc8 16. Ra2 f6 17. exf6 gxf6 18. Re1 Kf7 19. Qe2 h5 20. Bxe7 Kxe7 21. Nd2 Rcg8 22. Ra3 Kf7 23. Re3 Re8 24. f4 Qd7 25. Rg3 Qxa4 26. Qd3 Qc6 27. Qg6+ Ke7 28. Qg7+ Kd8 29. Qxf6+ Kc8 30. Rg6 Rhf8 31. Qe5 Qc7 32. Rxe6 Qxe5 33. R6xe5 Rxe5 34. fxe5 Nc6 {time} 0-1

[Event "Parties lentes II"]
[Site "Sherbrooke CAN"]
[Date "1997.02.21"]
[Round "3"]
[White "Beaudry, Marc-Andre"]
[Black "Kovacina, Marko"]
[Result "1-0"]
[WhiteElo "2020"]
[BlackElo "1961"]
[PlyCount "67"]
[GameId "2160767911999412"]
[EventDate "1997.01.31"]
[EventType "swiss"]
[EventRounds "4"]
[EventCountry "CAN"]

1. d4 Nf6 2. c4 g6 3. Nc3 Bg7 4. e4 d6 5. Be2 O-O 6. Bg5 c6 7. Qd2 Nbd7 8. h4 h5 9. Nh3 Nh7 10. Be3 Ndf6 11. f3 e5 12. d5 c5 13. Nf2 a6 14. g4 Qa5 15. g5 Ne8 16. a4 Bd7 17. Ra3 Qd8 18. Nd3 b6 19. b4 Rb8 20. Rb3 Qc7 21. Qb2 Ra8 22. a5 cxb4 23. Rxb4 bxa5 24. Rb7 Qc8 25. c5 Bb5 26. c6 Rb8 27. Nxb5 Rxb7 28. cxb7 Qxb7 29. Na7 Qd7 30. Nc6 Nc7 31. Qb7 Ra8 32. Bb6 Bf8 33. Qxc7 Qxc7 34. Bxc7 1-0

[Event "Parties lentes II"]
[Site "Sherbrooke CAN"]
[Date "1997.02.28"]
[Round "4"]
[White "Benic, Goran"]
[Black "Beaudry, Marc-Andre"]
[Result "1/2-1/2"]
[WhiteElo "1766"]
[BlackElo "2020"]
[PlyCount "104"]
[GameId "2160767739837746"]
[EventDate "1997.01.31"]
[EventType "swiss"]
[EventRounds "4"]
[EventCountry "CAN"]

1. e4 c5 2. Nf3 e6 3. d4 cxd4 4. Nxd4 Nf6 5. Nc3 d6 6. Bc4 a6 7. Bb3 b5 8. a3 Be7 9. O-O O-O 10. Be3 Bb7 11. f3 Nbd7 12. Qe1 Rc8 13. Rd1 Re8 14. Qg3 Bf8 15. Bg5 Qb6 16. Kh1 Kh8 17. Rfe1 h6 18. Be3 Qa5 19. Re2 Ne5 20. Qh4 Ng6 21. Qf2 Qc7 22. Red2 Ne5 23. Nce2 Nc4 24. Bxc4 Qxc4 25. Nc1 Qc7 26. Ncb3 Nd7 27. Ne2 Ne5 28. Bb6 Qe7 29. Na5 Nc4 30. Nxc4 Rxc4 31. Rxd6 Qxd6 32. Rxd6 Bxd6 33. c3 Rec8 34. Qe3 Be5 35. Bd4 Bxd4 36. Nxd4 Rd8 37. Kg1 Rc7 38. Qf2 Rcd7 39. Nb3 Bc8 40. h4 e5 41. Qc5 f6 42. Qc6 Rd6 43. Qc7 Be6 44. Nc5 Bc8 45. a4 bxa4 46. Nxa4 Rd2 47. Nb6 Be6 48. Nd5 Rc8 49. Qb7 Rd8 50. Qb6 Rb8 51. Qxe6 Rbxb2 52. Qc8+ Kh7 {...} 1/2-1/2

[Event "Paul Keres mem (22nd)"]
[Site "Vancouver CAN"]
[Date "1997.05.16"]
[Round "1.1"]
[White "Orlov, Georgi"]
[Black "Haukenfrers, Dale"]
[Result "1-0"]
[WhiteElo "2598"]
[BlackElo "2141"]
[PlyCount "119"]
[GameId "2160767911965875"]
[EventDate "1997.05.16"]
[EventType "swiss"]
[EventRounds "7"]
[EventCountry "CAN"]

1. d4 Nf6 2. c4 g6 3. Nc3 d5 4. Nf3 Bg7 5. Qb3 dxc4 6. Qxc4 O-O 7. e4 Bg4 8. Be3 Nfd7 9. O-O-O Nc6 10. Be2 Nb6 11. Qc5 Qd6 12. e5 Qxc5 13. dxc5 Nc8 14. Bf4 e6 15. Rhe1 N8e7 16. Rd7 Rac8 17. h3 Bxf3 18. Bxf3 Rfd8 19. Red1 Kf8 20. Rxd8+ Rxd8 21. Rxd8+ Nxd8 22. Nb5 Nec6 23. Nxc7 Nxe5 24. Be2 Ndc6 25. Nb5 Nd7 26. Bd6+ Ke8 27. Bf3 Nde5 28. Be2 Nd7 29. Bf3 Nde5 30. Be2 Nd7 31. a3 a6 32. Nc7+ Kd8 33. b4 Nd4 34. Bf1 Be5 35. Bxe5 Nxe5 36. Na8 Nd7 37. Kd2 Kc8 38. Kc3 Nc6 39. Nb6+ Nxb6 40. cxb6 Nb8 41. a4 Nd7 42. a5 Nf6 43. Kd4 Nd5 44. b5 axb5 45. Bxb5 f6 46. Bc4 Nf4 47. g3 e5+ 48. Kc5 Nh5 49. Be6+ Kb8 50. Bg8 h6 51. Bf7 Ng7 52. Bxg6 Ne6+ 53. Kd6 Nd4 54. Ke7 f5 55. Kf6 Nc6 56. Bxf5 Nxa5 57. Be6 Nc6 58. g4 e4 59. h4 e3 60. fxe3 1-0